Ideology, social theory, and the environment

Αποθηκεύτηκε σε:
Λεπτομέρειες βιβλιογραφικής εγγραφής
Κύριος συγγραφέας: Sunderlin, William D.
Μορφή: Βιβλίο
Γλώσσα:English
Δημοσίευση: Lanham : Rowman & Littlefield, 2003
Θέματα:
Ετικέτες: Προσθήκη ετικέτας
Δεν υπάρχουν, Καταχωρήστε ετικέτα πρώτοι!

MARC

LEADER 00000nam a2200000 i 4500
001 1/60672
008 040914s2003 eng d
020 |a 0-7425-1970-8 
035 |l 10074335 
040 |a GR-MY-UA  |b gre  |e aacr 
041 0 |a eng 
082 0 |a 363.7 
100 1 |a Sunderlin, William D. 
245 1 0 |a Ideology, social theory, and the environment /  |c William D. Sunderlin 
260 |a Lanham :   |b Rowman & Littlefield,   |c 2003 
300 |a 260 p. 
504 |a Includes bibliographical references and index 
650 0 0 |a Environmentalism. 
650 0 0 |a Ideology. 
650 0 0 |a Neo-Malthusianism. 
650 0 0 |a Economic development  |x Environmental aspects. 
852 |a INST  |b RHODES  |e 20040914  |h 363.7 SUN  |p 005400018599  |q 005400018599  |t BK  |y 0 
901 |a BIBL4-2004-3 
909 |a Ρ  |b 113194 
922 |a 4ΕΛΗ  |b 200408  |c ΕΠΕΑΕΚ2/ΠΤΔΕ  |d ΜΙΧΑΛΟΠΟΥΛΟΣ 
950 |a 095-2004-06-16 
970 |a ΚΟΥΛΑΚΙΟΤΗ  |b ΛΙΤΣΑ  |z 2004/09/16